| 000 | 00355nam a2200133 a 4500 | ||
|---|---|---|---|
| 005 | 20140414131915.0 | ||
| 008 | 100902s19uu xx 00 eng d | ||
| 050 |
_aFIC _bM36 1993 |
||
| 100 | _aMartin, Ann | ||
| 245 |
_aKaren's pizza party : _b#42. |
||
| 260 |
_aNew York : _bScholastic , _c1993. |
||
| 440 | _aBaby-sitters little sister | ||
| 999 |
_c111398 _d111398 |
||